Southville International School and Colleges
Your cart is empty.
  • Cart
  • Lists
    Public lists Eva Luna New books Lux_list list_1
    Your lists Log in to create your own lists
  • Log in to your account
  • Your cookies
  • Search history
Southville International School and Colleges
  • Advanced search
  • Recent comments
  • Most popular
  • Libraries

Log in to your account

Log in with GOOGLE


If you do not have an external account, but do have a local account, you can still log in:

  1. Home
  2. MARC view: What great principals do differently:
Normal view MARC view ISBD view

What great principals do differently: (Record no. 364735)

[ view plain ]
MARC details
000 -LEADER
fixed length control field 00600nam a22001937a 4500
003 - CONTROL NUMBER IDENTIFIER
control field 1
005 - DATE AND TIME OF LATEST TRANSACTION
control field 20220708143034.0
008 - FIXED-LENGTH DATA ELEMENTS--GENERAL INFORMATION
fixed length control field 220708b xxu||||| |||| 00| 0 eng d
022 ## - INTERNATIONAL STANDARD SERIAL NUMBER
Source 978-19305566-47-8
050 ## - LIBRARY OF CONGRESS CALL NUMBER
Classification number LB2831.9
Item number .W45 2003
100 ## - MAIN ENTRY--PERSONAL NAME
Personal name Whitaker,Todd
Dates associated with a name 1959-
245 ## - TITLE STATEMENT
Title What great principals do differently:
Remainder of title fifteen things that matter most/
Statement of responsibility, etc Todd Whitaker.
260 ## - PUBLICATION, DISTRIBUTION, ETC. (IMPRINT)
Place of publication, distribution, etc New York:
Name of publisher, distributor, etc Eye on Education.
Date of publication, distribution, etc c2003.
300 ## - PHYSICAL DESCRIPTION
Extent 117 pp.
Dimensions 23 cm.
500 ## - GENERAL NOTE
General note School principals.
500 ## - GENERAL NOTE
General note School management and organization.
500 ## - GENERAL NOTE
General note Educational leadership.
942 ## - ADDED ENTRY ELEMENTS (KOHA)
Source of classification or shelving scheme Library of Congress Classification
Koha item type Books
Holdings
Withdrawn status Lost status Source of classification or shelving scheme Damaged status Home library Current library Shelving location Date acquired Source of acquisition Total Checkouts Full call number Barcode Date last seen Price effective from Koha item type
    Library of Congress Classification   Luxembourg Library Luxembourg Library Genevive Ledesma - Tan Section 07/08/2022 Donation   LB2831.9 .W45 2003 21013 07/08/2022 07/08/2022 Books

What great principals do differently:

APA

Whitaker T., . (2003). What great principals do differently. New York: Eye on Education.

Chicago

Whitaker Todd, . 2003. What great principals do differently. New York: Eye on Education.

Harvard

Whitaker T., . (2003). What great principals do differently. New York: Eye on Education.

MLA

Whitaker Todd, . What great principals do differently. New York: Eye on Education. 2003.

  • Place hold
  • Print
  • Cite
  • Add to your cart (remove)
  • Save record
    BIBTEX Dublin Core MARCXML MARC (non-Unicode/MARC-8) MARC (Unicode/UTF-8) MARC (Unicode/UTF-8, Standard) MODS (XML) RIS
  • More searches
    Search for this title in:
    Other Libraries (WorldCat) Other Databases (Google Scholar) Online Stores (Bookfinder.com) Open Library (openlibrary.org)

Exporting to Dublin Core...

SOUTHVILLE LIBRARY

Southville International School and Colleges Library

1281 Tropical Ave. Cor. Luxembourg St., BF Homes International, Las Pinas City

Tel. No. 8256374 / 252358 Loc. 117/146

Powered by Koha